IV Congreso Nacional de Archivos : V Congreso Nacional de Bibliotecas, Barcelona 1972 : Ponencias, Comunicaciones y Crónica V Congreso Nacional de Bibliotecas, Barcelona 1972 :
Descripción Física:
305 p. ; 24 cm
Colección:
Biblioteca profesional de ANABA
MARC
| LEADER | 00000nam a2200000Ia 4500 | ||
|---|---|---|---|
| 001 | 8835 | ||
| 008 | 160829s9999 xx 000 0 cat d | ||
| 080 | |a A-1-183 | ||
| 111 | |a Congreso Nacional de Archivos |n (4t : |d 1972 : |c Barcelona) |9 53763 | ||
| 245 | |a IV Congreso Nacional de Archivos : |b V Congreso Nacional de Bibliotecas, Barcelona 1972 : |b Ponencias, Comunicaciones y Crónica | ||
| 260 | |a Madrid : |b Asociación Nacional de Bibliotecarios, Archiveros y Arqueólogos, DL 1975 | ||
| 300 | |a 305 p. ; |c 24 cm | ||
| 490 | |a Biblioteca profesional de ANABA | ||
| 650 | 0 | |a Arxivística |x Congressos |9 24826 | |
| 650 | |a Biblioteconomia |x Congressos |9 31961 | ||
| 710 | 2 | |a Asociación Nacional de Bibliotecarios, Archiveros y Arqueólogos (Espanya) |9 55075 | |
| 901 | |a Arxiu | ||
| 942 | |n 1 | ||
| 952 | |0 0 |1 0 |4 0 |6 A1183 |7 1 |9 45818 |a Arxiu |b Arxiu |d 2016-12-01 |l 0 |o A-1-183 |p 8835 |r 2016-12-01 00:00:00 |w 2016-12-01 |y ARXIU | ||
| 999 | |c 49318 |d 49318 | ||